2021 New England Patriots Player Colleges - Statistics

General Stats
  • This quiz has been taken 26 times
  • The average score is 34 of 53
Answer Stats
Position Player College % Correct
QB Mac Jones Alabama
100%
RB Damien Harris Alabama
100%
DT Christian Barmore Alabama
100%
LB Dont'a Hightower Alabama
100%
T Trent Brown Florida
95%
G Michael Onwenu Michigan
95%
DE Chase Winovich Michigan
95%
LB Josh Uche Michigan
95%
K Quinn Nordin Michigan
95%
C David Andrews Georgia
82%
T Isaiah Wynn Georgia
82%
DT Davon Godchaux LSU
82%
CB Jalen Mills LSU
82%
WR Matthew Slater UCLA
82%
TE Devin Asiasi UCLA
82%
WR Nelson Agholor USC
82%
TE Hunter Henry Arkansas
77%
DE Deatrich Wise Jr Arkansas
77%
RB Rhamondre Stevenson Oklahoma
77%
DE Ronnie Perkins Oklahoma
77%
S Devin McCourty Rutgers
77%
S Adrian Phillips Texas
77%
RB James White Wisconsin
77%
LB Harvey Langi BYU
73%
LB Kyle Van Noy BYU
73%
CB Shaun Wade Ohio State
73%
RB JJ Taylor Arizona
64%
LB Ja'Whuan Bentley Purdue
64%
FB Jakob Johnson Tennessee
59%
DT Lawrence Guy Arizona State
55%
DE Henry Anderson Stanford
55%
P Jake Bailey Stanford
55%
CB Joejuan Williams Vanderbilt
55%
LB Brandon King Auburn
50%
CB Jonathan Jones Auburn
50%
G Shaq Mason Georgia Tech
50%
CB JC Jackson Maryland
50%
WR Malcolm Perry Navy
50%
LS Joe Cardona Navy
50%
WR Jakobi Meyers NC State
50%
T Yodny Cajuste West Virginia
50%
C Ted Karras Illinois
45%
DT Carl Davis Iowa
45%
G Yasir Durant Missouri
45%
S Cody Davis Texas Tech
45%
S Kyle Dugger Lenoir Rhyne
41%
LB Matthew Judon Grand Valley State
36%
RB Brandon Bolden Ole Miss
36%
WR Gunner Olszewski Bemidji State
32%
T Justin Herron Wake Forest
32%
WR Kendrick Bourne Eastern Washington
27%
TE Jonnu Smith Florida International
27%
CB Justin Bethel Presbyterian
14%
No matching quizzes found
Score Distribution
Percent of People with Each Score
Percentile by Number Answered
Your Score History
You have not taken this quiz